00404 a2200109 4500001001000000005001700010008004100027245010600068100004100174773006200215999001700277ART_3060620260410162002.0260409a 10aLímites de la seguridad social mexicana en el marco del tratado de libre comercio de Norteamérica1 aArellanes Jiménez, Paulino Ernesto0 tForo económicog- Año II, Nº 3 (nov. 1996)wREV30369 c31410d31410